<?xml version="1.0" encoding="UTF-8"?>
<record
    xmlns:xsi="http://www.w3.org/2001/XMLSchema-instance"
    xsi:schemaLocation="http://www.loc.gov/MARC21/slim http://www.loc.gov/standards/marcxml/schema/MARC21slim.xsd"
    xmlns="http://www.loc.gov/MARC21/slim">

  <leader>00956nam a22002177a 4500</leader>
  <controlfield tag="003">DO-SdBNP</controlfield>
  <controlfield tag="005">20210413104653.0</controlfield>
  <controlfield tag="007">ta</controlfield>
  <controlfield tag="008">210413e2013    dr ||||gr|||| 00| e spa d</controlfield>
  <datafield tag="020" ind1=" " ind2=" ">
    <subfield code="a">9789945471724</subfield>
  </datafield>
  <datafield tag="040" ind1=" " ind2=" ">
    <subfield code="a">DO-SdBNP</subfield>
    <subfield code="b">spa</subfield>
    <subfield code="c">BNPHU</subfield>
  </datafield>
  <datafield tag="041" ind1=" " ind2=" ">
    <subfield code="h">spa</subfield>
  </datafield>
  <datafield tag="082" ind1=" " ind2=" ">
    <subfield code="b">P426e</subfield>
  </datafield>
  <datafield tag="100" ind1="1" ind2=" ">
    <subfield code="a">Peralta A. , Emil A.</subfield>
    <subfield code="9">78370</subfield>
  </datafield>
  <datafield tag="245" ind1="1" ind2="3">
    <subfield code="a">El gran guerrero /</subfield>
    <subfield code="c">Emil A. Peralta A. ; Victor Jos&#xE9; Rosario Andrickson</subfield>
  </datafield>
  <datafield tag="260" ind1=" " ind2=" ">
    <subfield code="a">Santo Domingo :</subfield>
    <subfield code="b">[s.n.] ,</subfield>
    <subfield code="c">2013</subfield>
  </datafield>
  <datafield tag="300" ind1=" " ind2=" ">
    <subfield code="a">165 pg. ;</subfield>
    <subfield code="c">21 cm.</subfield>
  </datafield>
  <datafield tag="505" ind1="0" ind2=" ">
    <subfield code="a">Dedicatoria.-</subfield>
    <subfield code="t">La traves&#xED;a.-
</subfield>
    <subfield code="t">&#xBF;Para qu&#xE9; soy bueno?.-
</subfield>
    <subfield code="t">&#xBF;Y ahora qu&#xE9; hago?.-

</subfield>
    <subfield code="t">C&#xF3;mo subir a la superficie.-</subfield>
    <subfield code="t">El valor de los valores.-</subfield>
    <subfield code="t">La energ&#xED;a mueve el universo.-</subfield>
    <subfield code="t">Suerte Vs probabilidad.-</subfield>
    <subfield code="t">Libertad, gran tesoro.-</subfield>
    <subfield code="t">&#xA1;Yo elijo mi d&#xED;a!.-</subfield>
    <subfield code="t">&#xA1;Si hubiera hecho algo!.-</subfield>
    <subfield code="t">&#xA1;Aprendiendo del Grande!.-</subfield>
    <subfield code="t">Los &#xFA;ltimos d&#xED;as con el anciano.-</subfield>
  </datafield>
  <datafield tag="700" ind1=" " ind2=" ">
    <subfield code="a">Rosario Andrickson , Victor Jos&#xE9; ,</subfield>
    <subfield code="e">pr&#xF3;logo.</subfield>
    <subfield code="9">78371</subfield>
  </datafield>
  <datafield tag="942" ind1=" " ind2=" ">
    <subfield code="2">ddc</subfield>
    <subfield code="c">LBS1</subfield>
  </datafield>
  <datafield tag="952" ind1=" " ind2=" ">
    <subfield code="0">0</subfield>
    <subfield code="1">0</subfield>
    <subfield code="2">ddc</subfield>
    <subfield code="7">1</subfield>
    <subfield code="8">PD</subfield>
    <subfield code="a">BNPHU</subfield>
    <subfield code="b">PD</subfield>
    <subfield code="c">HD</subfield>
    <subfield code="d">2018-02-19</subfield>
    <subfield code="e">Donado por Amigo del Hogar</subfield>
    <subfield code="l">0</subfield>
    <subfield code="o">P426e</subfield>
    <subfield code="p">2021-1393</subfield>
    <subfield code="r">2021-04-13</subfield>
    <subfield code="w">2021-04-13</subfield>
    <subfield code="y">LFPD</subfield>
  </datafield>
  <datafield tag="999" ind1=" " ind2=" ">
    <subfield code="c">49723</subfield>
    <subfield code="d">49723</subfield>
  </datafield>
</record>
